<?xml version="1.0" encoding="UTF-8"?>
<record
    xmlns:xsi="http://www.w3.org/2001/XMLSchema-instance"
    xsi:schemaLocation="http://www.loc.gov/MARC21/slim http://www.loc.gov/standards/marcxml/schema/MARC21slim.xsd"
    xmlns="http://www.loc.gov/MARC21/slim">

  <leader>01889nam0a2200337   4500</leader>
  <controlfield tag="001">RU\NLR\b_ik\190416</controlfield>
  <controlfield tag="005">20250616231049.0</controlfield>
  <datafield tag="035" ind1=" " ind2=" ">
    <subfield code="a">(NLR Aleph) 002262880</subfield>
  </datafield>
  <datafield tag="090" ind1=" " ind2=" ">
    <subfield code="a">3843830</subfield>
    <subfield code="c">3843830</subfield>
  </datafield>
  <datafield tag="100" ind1=" " ind2=" ">
    <subfield code="a">20110601d2011    |||y0rusy50      ca</subfield>
  </datafield>
  <datafield tag="101" ind1="0" ind2=" ">
    <subfield code="a">eng</subfield>
  </datafield>
  <datafield tag="102" ind1=" " ind2=" ">
    <subfield code="a">RU</subfield>
  </datafield>
  <datafield tag="105" ind1=" " ind2=" ">
    <subfield code="a">a   |||||||||</subfield>
  </datafield>
  <datafield tag="200" ind1="1" ind2=" ">
    <subfield code="a">Recognition of stock exchange processes as a poisson process of events of two types: models with stimulation and learning</subfield>
    <subfield code="f">Lyudmila Egorova</subfield>
  </datafield>
  <datafield tag="210" ind1=" " ind2=" ">
    <subfield code="a">&#x41C;&#x43E;&#x441;&#x43A;&#x432;&#x430;</subfield>
    <subfield code="c">&#x412;&#x44B;&#x441;&#x448;&#x430;&#x44F; &#x448;&#x43A;&#x43E;&#x43B;&#x430; &#x44D;&#x43A;&#x43E;&#x43D;&#x43E;&#x43C;&#x438;&#x43A;&#x438;</subfield>
    <subfield code="d">2011</subfield>
  </datafield>
  <datafield tag="215" ind1=" " ind2=" ">
    <subfield code="a">28 &#x441;.</subfield>
    <subfield code="c">&#x438;&#x43B;.</subfield>
    <subfield code="d">21</subfield>
  </datafield>
  <datafield tag="225" ind1="1" ind2=" ">
    <subfield code="a">&#x41F;&#x440;&#x435;&#x43F;&#x440;&#x438;&#x43D;&#x442;</subfield>
    <subfield code="f">&#x412;&#x44B;&#x441;&#x448;. &#x448;&#x43A;. &#x44D;&#x43A;&#x43E;&#x43D;&#x43E;&#x43C;&#x438;&#x43A;&#x438;</subfield>
    <subfield code="v">WP7/2011/02</subfield>
    <subfield code="h">&#x421;&#x435;&#x440;&#x438;&#x44F; WP7</subfield>
    <subfield code="i">&#x41C;&#x430;&#x442;&#x435;&#x43C;&#x430;&#x442;&#x438;&#x447;&#x435;&#x441;&#x43A;&#x438;&#x435; &#x43C;&#x435;&#x442;&#x43E;&#x434;&#x44B; &#x430;&#x43D;&#x430;&#x43B;&#x438;&#x437;&#x430; &#x440;&#x435;&#x448;&#x435;&#x43D;&#x438;&#x439; &#x432; &#x44D;&#x43A;&#x43E;&#x43D;&#x43E;&#x43C;&#x438;&#x43A;&#x435;, &#x431;&#x438;&#x437;&#x43D;&#x435;&#x441;&#x435; &#x438; &#x43F;&#x43E;&#x43B;&#x438;&#x442;&#x438;&#x43A;&#x435;</subfield>
  </datafield>
  <datafield tag="300" ind1=" " ind2=" ">
    <subfield code="a">&#x412; &#x432;&#x44B;&#x43F;. &#x434;&#x430;&#x43D;.: &#x420;&#x430;&#x441;&#x43F;&#x43E;&#x437;&#x43D;&#x430;&#x432;&#x430;&#x43D;&#x438;&#x435; &#x431;&#x438;&#x440;&#x436;&#x435;&#x432;&#x44B;&#x445; &#x43F;&#x440;&#x43E;&#x446;&#x435;&#x441;&#x441;&#x43E;&#x432; &#x43A;&#x430;&#x43A; &#x43F;&#x443;&#x430;&#x441;&#x441;&#x43E;&#x43D;&#x43E;&#x432;&#x441;&#x43A;&#x43E;&#x433;&#x43E; &#x43F;&#x43E;&#x442;&#x43E;&#x43A;&#x430; &#x441;&#x43E;&#x431;&#x44B;&#x442;&#x438;&#x439; &#x434;&#x432;&#x443;&#x445; &#x442;&#x438;&#x43F;&#x43E;&#x432;: &#x43C;&#x43E;&#x434;&#x435;&#x43B;&#x438; &#x441; &#x43F;&#x43E;&#x43E;&#x449;&#x440;&#x435;&#x43D;&#x438;&#x435;&#x43C; &#x438; &#x43E;&#x431;&#x443;&#x447;&#x435;&#x43D;&#x438;&#x435;&#x43C; / &#x415;&#x433;&#x43E;&#x440;&#x43E;&#x432;&#x430; &#x41B;.&#x413;.</subfield>
  </datafield>
  <datafield tag="300" ind1=" " ind2=" ">
    <subfield code="a">&#x420;&#x435;&#x437;. &#x43D;&#x430; &#x440;&#x443;&#x441;. &#x44F;&#x437;.</subfield>
  </datafield>
  <datafield tag="320" ind1=" " ind2=" ">
    <subfield code="a">&#x411;&#x438;&#x431;&#x43B;&#x438;&#x43E;&#x433;&#x440;.: &#x441;. 28 (5 &#x43D;&#x430;&#x437;&#x432;.)</subfield>
  </datafield>
  <datafield tag="517" ind1="0" ind2=" ">
    <subfield code="a">&#x420;&#x430;&#x441;&#x43F;&#x43E;&#x437;&#x43D;&#x430;&#x432;&#x430;&#x43D;&#x438;&#x435; &#x431;&#x438;&#x440;&#x436;&#x435;&#x432;&#x44B;&#x445; &#x43F;&#x440;&#x43E;&#x446;&#x435;&#x441;&#x441;&#x43E;&#x432; &#x43A;&#x430;&#x43A; &#x43F;&#x443;&#x430;&#x441;&#x441;&#x43E;&#x43D;&#x43E;&#x432;&#x441;&#x43A;&#x43E;&#x433;&#x43E; &#x43F;&#x43E;&#x442;&#x43E;&#x43A;&#x430; &#x441;&#x43E;&#x431;&#x44B;&#x442;&#x438;&#x439; &#x434;&#x432;&#x443;&#x445; &#x442;&#x438;&#x43F;&#x43E;&#x432;: &#x43C;&#x43E;&#x434;&#x435;&#x43B;&#x438; &#x441; &#x43F;&#x43E;&#x43E;&#x449;&#x440;&#x435;&#x43D;&#x438;&#x435;&#x43C; &#x438; &#x43E;&#x431;&#x443;&#x447;&#x435;&#x43D;&#x438;&#x435;&#x43C;</subfield>
  </datafield>
  <datafield tag="541" ind1="0" ind2=" ">
    <subfield code="a">&#x411;&#x438;&#x440;&#x436;&#x435;&#x432;&#x44B;&#x435; &#x43F;&#x43E;&#x442;&#x43E;&#x43A;&#x438;-&#x43C;&#x43E;&#x434;&#x435;&#x43B;&#x438; &#x441; &#x43F;&#x43E;&#x43E;&#x449;&#x440;&#x435;&#x43D;&#x438;&#x435;&#x43C; &#x438; &#x43E;&#x431;&#x443;&#x447;&#x435;&#x43D;&#x438;&#x435;&#x43C;</subfield>
    <subfield code="z">rus</subfield>
  </datafield>
  <datafield tag="606" ind1="1" ind2=" ">
    <subfield code="a">&#x42D;&#x43A;&#x43E;&#x43D;&#x43E;&#x43C;&#x438;&#x43A;&#x430;</subfield>
    <subfield code="x">&#x41C;&#x430;&#x442;&#x435;&#x43C;&#x430;&#x442;&#x438;&#x447;&#x435;&#x441;&#x43A;&#x438;&#x435; &#x43C;&#x435;&#x442;&#x43E;&#x434;&#x44B;</subfield>
    <subfield code="9">2093364</subfield>
    <subfield code="3">RU\NLR\AUTH\661266827</subfield>
  </datafield>
  <datafield tag="606" ind1="1" ind2=" ">
    <subfield code="a">&#x411;&#x438;&#x440;&#x436;&#x435;&#x432;&#x430;&#x44F; &#x442;&#x43E;&#x440;&#x433;&#x43E;&#x432;&#x43B;&#x44F;</subfield>
    <subfield code="9">1548545</subfield>
    <subfield code="3">RU\NLR\AUTH\66976949</subfield>
  </datafield>
  <datafield tag="686" ind1="1" ind2=" ">
    <subfield code="a">&#x423;24(0)229.4</subfield>
  </datafield>
  <datafield tag="686" ind1="1" ind2=" ">
    <subfield code="a">&#x423;.&#x432;611</subfield>
  </datafield>
  <datafield tag="700" ind1=" " ind2="1">
    <subfield code="a">Egorova</subfield>
    <subfield code="b">L. G.</subfield>
    <subfield code="g">Ljudmila Gennad'evna</subfield>
    <subfield code="4">070</subfield>
  </datafield>
  <datafield tag="801" ind1=" " ind2="0">
    <subfield code="a">RU</subfield>
    <subfield code="b">NLR</subfield>
    <subfield code="c">20110601</subfield>
    <subfield code="g">RCR</subfield>
  </datafield>
  <datafield tag="942" ind1=" " ind2=" ">
    <subfield code="c">BOOK</subfield>
  </datafield>
  <datafield tag="980" ind1=" " ind2=" ">
    <subfield code="a">NB</subfield>
  </datafield>
  <datafield tag="995" ind1=" " ind2=" ">
    <subfield code="5">2011-06-01</subfield>
    <subfield code="a">ad</subfield>
    <subfield code="b">NLR01</subfield>
    <subfield code="c">NLR01</subfield>
    <subfield code="e">IF</subfield>
    <subfield code="f">1097224</subfield>
    <subfield code="k">&#x418;&#x43A; 2011-4/50</subfield>
    <subfield code="o">0</subfield>
    <subfield code="r">BOOK</subfield>
    <subfield code="s">_2011450</subfield>
    <subfield code="u"> ;  </subfield>
  </datafield>
</record>
